| 000 | 00375nam a22001577a 4500 | ||
|---|---|---|---|
| 003 | OSt | ||
| 005 | 20250301115022.0 | ||
| 007 | 274 pages | ||
| 008 | 250301b |||||||| |||| 00| 0 eng d | ||
| 020 | _a9788129140173 | ||
| 040 | _c | ||
| 082 |
_a158.2 _bCAR |
||
| 245 |
_aHow to win friends and influence People _cDale Carnegie |
||
| 260 |
_bRupa _c2023 |
||
| 942 |
_2ddc _cBK _n0 |
||
| 999 |
_c36196 _d36196 |
||